000 00843nas a2200265 4500
001 BR2011004072
003 BR-BrBNA
005 20231205115445.0
007 ta
008 230509b bl.|||p| |||| 00| 00por d
040 _aBR-BrBNA
_bpor
_cBiblioteca Nacional de Agricultura
041 _a(Pt)
072 _aS40
100 1 _aBleil, R.A.T.
100 1 _aSalay, E.
100 1 _aSilva, M.V. da
245 1 _aAdesão ao programa de alimentação escolar por alunos de instituições públicas de ensino no município de Toledo, PR
650 _aCONSUMO ALIMENTAR
650 _aPROGRAMA DE NUTRIÇÃO
650 _aESCOLA
650 _aPARANÁ
773 0 _tSegurança Alimentar e Nutricional (Brazil)
_xISSN 1808-8023
_g(2009), v. 16(1) p. 66-83
_wBR2011004072
909 _a202311
_bLúcia
_c55
_dLúcia Elande
942 _2AGRIS
_n0
_cANA
999 _c213908
_d213908